[Event "SVK-chT1E 1112"]
[Site "Slovakia"]
[Date "2011.10.16"]
[Round "2.4"]
[White "Krajnak, Martin"]
[Black "Vrana, Frantisek"]
[Result "0-1"]
[WhiteElo "2248"]
[BlackElo "2249"]
[PlyCount "78"]
[EventDate "2011.10.15"]
[EventType "team-tourn"]
[EventRounds "11"]
[EventCountry "SVK"]
[SourceTitle "EXT 2013"]
[Source "ChessBase"]
[SourceDate "2012.11.22"]
[SourceVersion "1"]
[SourceVersionDate "2012.11.22"]
[SourceQuality "1"]
[WhiteTeam "Sabinov"]
[BlackTeam "Rajecke Teplice"]
[WhiteTeamCountry "SVK"]
[BlackTeamCountry "SVK"]

1. Nf3 Nf6 2. d4 d5 3. e3 c5 4. c3 e6 5. Bd3 Nc6 6. Nbd2 Qc7 7. 0-0 b6 8. Qe2 Bb7 9. e4 cxd4 10. Nxd4 Nxd4 11. cxd4 dxe4 12. Nxe4 Nxe4 13. Bxe4 Bxe4 14. Qxe4 Rd8 15. Be3 Be7 16. Rac1 Qd7 17. Qf4 Bf6 18. Rc7 Qa4 19. g4 h6 20. h4 Qxa2 21. Rfc1 Qd5 22. Rxa7 e5 23. dxe5 Bxe5 24. Qa4+ b5 25. Qb4 Bd6 26. Bc5 0-0 27. Bxd6 Rxd6 28. Ra5 Rb8 29. Qc5 Qe6 30. Qb4 Qd7 31. f3 Qe7 32. Qf4 Rbd8 33. Raa1 Qxh4 34. Rf1 Rd2 35. Ra7 f6 36. Qc7 Qg5 37. Qf7+ Kh7 38. b3 Rc2 39. Re7 Rdd2 0-1

[Event "SVK-chT2D 1112"]
[Site "Slovakia"]
[Date "2011.10.08"]
[Round "1.4"]
[White "Krajnak, Martin"]
[Black "Gajdos, Jozef"]
[Result "0-1"]
[WhiteElo "2248"]
[BlackElo "2093"]
[PlyCount "62"]
[EventDate "2011.10.08"]
[EventType "team-tourn"]
[EventRounds "11"]
[EventCountry "SVK"]
[SourceTitle "EXT 2013"]
[Source "ChessBase"]
[SourceDate "2012.11.22"]
[SourceVersion "1"]
[SourceVersionDate "2012.11.22"]
[SourceQuality "1"]
[WhiteTeam "Stara Lubovna"]
[BlackTeam "Presov Slavia PU"]
[WhiteTeamCountry "SVK"]
[BlackTeamCountry "SVK"]

1. Nc3 d5 2. e4 e6 3. Nf3 Nf6 4. e5 Nfd7 5. d4 c5 6. Bb5 Nc6 7. 0-0 a6 8. Bxc6 bxc6 9. Na4 cxd4 10. Qxd4 Qc7 11. Qf4 Be7 12. c4 0-0 13. Re1 Nb6 14. Nxb6 Qxb6 15. Rb1 a5 16. Bd2 Bc5 17. Be3 Bxe3 18. Rxe3 f6 19. Rb3 Qc7 20. Rc1 Rb8 21. Rxb8 Qxb8 22. Qd4 Bd7 23. h4 c5 24. Qxc5 Qxb2 25. Qe3 fxe5 26. cxd5 exd5 27. Rc7 e4 28. Rxd7 exf3 29. Qe6+ Kh8 30. Qf7 Qb1+ 31. Kh2 Qb8+ 0-1

[Event "SVK-chT2D 10/11"]
[Site "Slovakia"]
[Date "2011.03.27"]
[Round "11.4"]
[White "Krajnak, Martin"]
[Black "Vrabel, Michal"]
[Result "1/2-1/2"]
[WhiteElo "2245"]
[BlackElo "1988"]
[PlyCount "74"]
[EventDate "2010.10.23"]
[EventType "team-tourn"]
[EventRounds "11"]
[EventCountry "SVK"]
[SourceTitle "EXT 2019"]
[Source "ChessBase"]
[SourceDate "2018.10.10"]
[SourceVersion "1"]
[SourceVersionDate "2018.10.10"]
[SourceQuality "1"]
[WhiteTeam "Stara Lubovna"]
[BlackTeam "Presov Slavia PU"]
[WhiteTeamCountry "SVK"]
[BlackTeamCountry "SVK"]

1. Nc3 c5 2. Nf3 Nf6 3. d4 cxd4 4. Nxd4 d6 5. Bg5 e6 6. g3 a6 7. Bg2 Be7 8. 0-0 0-0 9. Bxf6 Bxf6 10. Ne4 Be7 11. c4 Nc6 12. Rc1 e5 13. Nxc6 bxc6 14. Nc3 Qc7 15. Na4 Be6 16. e4 Rab8 17. b3 Rfd8 18. Qe2 Qa5 19. Qe3 Bf6 20. Rfd1 c5 21. Rc2 g6 22. Rcd2 Qc7 23. h4 h5 24. Kh2 Bc8 25. Nc3 Bb7 26. Bf3 Bc6 27. Nd5 Bxd5 28. Rxd5 Kg7 29. R1d3 Be7 30. Rc3 a5 31. Bd1 Rb7 32. Qd2 Qb6 33. Rcd3 Qb4 34. Bc2 Qxd2 35. Rxd2 Rb4 36. a3 Rb6 37. a4 Rbb8 1/2-1/2

[Event "SVK-chT2D 10/11"]
[Site "Slovakia"]
[Date "2011.03.26"]
[Round "10.3"]
[White "Rahl, Vojtech"]
[Black "Krajnak, Martin"]
[Result "0-1"]
[WhiteElo "2102"]
[BlackElo "2245"]
[PlyCount "84"]
[EventDate "2010.10.23"]
[EventType "team-tourn"]
[EventRounds "11"]
[EventCountry "SVK"]
[SourceTitle "EXT 2019"]
[Source "ChessBase"]
[SourceDate "2018.10.10"]
[SourceVersion "1"]
[SourceVersionDate "2018.10.10"]
[SourceQuality "1"]
[WhiteTeam "Presov Tatran"]
[BlackTeam "Stara Lubovna"]
[WhiteTeamCountry "SVK"]
[BlackTeamCountry "SVK"]

1. c4 Nf6 2. Nf3 d6 3. d4 Bg4 4. Nc3 Nbd7 5. e4 e5 6. Be2 Be7 7. Be3 c6 8. 0-0 0-0 9. Ne1 Bxe2 10. Qxe2 Qa5 11. f4 b5 12. cxb5 cxb5 13. dxe5 dxe5 14. Qxb5 Qxb5 15. Nxb5 Ng4 16. Bxa7 Rxa7 17. Nxa7 Bc5+ 18. Kh1 Bxa7 19. Nd3 exf4 20. Rxf4 Nde5 21. Nxe5 Nxe5 22. Rd1 Rc8 23. h3 f6 24. Rff1 Rb8 25. b3 Bc5 26. Rd5 Be7 27. Rc1 Rb4 28. Rc7 Kf7 29. Ra5 Rxe4 30. Raa7 Ng6 31. a4 Re1+ 32. Kh2 Ke6 33. Ra6+ Kf5 34. g4+ Kf4 35. Rc4+ Kg5 36. b4 Ne5 37. Rc7 Kf4 38. Kg2 Bxb4 39. Rxg7 Re2+ 40. Kf1 Ra2 41. Rb7 Kg3 42. Rxb4 Nf3 0-1

[Event "SVK-chT1E 1011"]
[Site "Slovakia"]
[Date "2011.03.20"]
[Round "9"]
[White "Michalicka, Milan"]
[Black "Krajnak, Martin"]
[Result "1/2-1/2"]
[WhiteElo "2199"]
[BlackElo "2245"]
[PlyCount "40"]
[EventDate "2010.11.06"]
[EventType "team-tourn"]
[EventRounds "11"]
[EventCountry "SVK"]
[SourceTitle "EXT 2012"]
[Source "ChessBase"]
[SourceDate "2011.11.24"]
[SourceVersion "1"]
[SourceVersionDate "2011.11.24"]
[SourceQuality "1"]
[WhiteTeam "Banska Bystrica"]
[BlackTeam "Sabinov"]
[WhiteTeamCountry "SVK"]
[BlackTeamCountry "SVK"]

1. d4 Nf6 2. c4 Nc6 3. Nf3 d6 4. Nc3 e5 5. d5 Ne7 6. e4 Ng6 7. h3 Be7 8. Be3 0-0 9. g3 a6 10. Bg2 c5 11. 0-0 b5 12. Nd2 Rb8 13. Kh2 Nd7 14. h4 Bf6 15. h5 Ne7 16. h6 g6 17. Qf3 Bh8 18. g4 f6 19. Qe2 b4 20. Nd1 g5 1/2-1/2

[Event "SVK-chT2D 10/11"]
[Site "Slovakia"]
[Date "2011.02.06"]
[Round "7.1"]
[White "Krajnak, Martin"]
[Black "Foglar, Ivan"]
[Result "1-0"]
[WhiteElo "2245"]
[BlackElo "2065"]
[PlyCount "59"]
[EventDate "2010.10.23"]
[EventType "team-tourn"]
[EventRounds "11"]
[EventCountry "SVK"]
[SourceTitle "EXT 2019"]
[Source "ChessBase"]
[SourceDate "2018.10.10"]
[SourceVersion "1"]
[SourceVersionDate "2018.10.10"]
[SourceQuality "1"]
[WhiteTeam "Stara Lubovna"]
[BlackTeam "Margecany OSK"]
[WhiteTeamCountry "SVK"]
[BlackTeamCountry "SVK"]

1. d4 g6 2. e4 Bg7 3. Nc3 d6 4. Bc4 Nf6 5. Qe2 Nc6 6. e5 Nxd4 7. exf6 Nxe2 8. fxg7 Rg8 9. Ngxe2 Rxg7 10. Bh6 Rg8 11. 0-0-0 Bg4 12. f3 Be6 13. Bxe6 fxe6 14. f4 Qd7 15. Rhe1 0-0-0 16. h3 Qc6 17. Nd4 Qxg2 18. Nxe6 Rd7 19. h4 c6 20. Bg5 Qg4 21. Nd4 c5 22. Ne6 Kb8 23. Nd5 Re8 24. Re3 b5 25. Rdd3 c4 26. Rd1 Qh5 27. Ng7 Qg4 28. Nxe8 h6 29. Bxe7 Qf5 30. Nef6 1-0